000 00229nam a22000857a 4500
008 161115b xxu||||| |||| 00| 0 eng d
100 _91201
_anair. k
245 _athe day the river sopke
260 _anew delhi
_bnational book trust
_c2005
999 _c3892
_d3892